Open Data Biblioteca Nacional de Portugal


República Portuguesa: Ministério da Cultura
Biblioteca Nacional de Portugal

Catálogo da BNP: acesso por Identificadores Unívocos
Registos Bibliográficos associados ao registo de autoridade

Etiqueta de registo: 00000nam 2200025 450
001 2280645
003 http://id.bnportugal.gov.pt/bib/catbnp/2280645
010 ## $a978-3-10-397616-8
100 ## $a20260316d2025 m y0pory01030103ba
101 1# $apor$cger
102 ## $aDE
105 ## $ay z 000yy
106 ## $ar
200 1# $aLeere Schränke$fMaria Judite de Carvalho$gAus dem Portugiesischen von Wiebke Stoldt
210 #9 $aFrankfurt am Main$cS. Fischer,$dcop. 2025
215 ## $a154, [1] p.$d21 cm
304 ## $aTít. orig.: Os armários vazios
700 #1 $aCarvalho,$bMaria Judite de,$f1921-1998$327067
702 #1 $aStoldt,$bWiebke $4730$32001182
801 #0 $aPT$bBN$gRPC
966 ## $lBN$mFGMON$pDGLAB$x3
971 ## $cssilva$d20260619
972 ## $e0$z0$d20260623$vasantos

OpendataBNP@bnportugal.pt | Mais informação sobre acesso aos dados BNP